<?xml version="1.0" encoding="UTF-8"?><?xml-stylesheet type="text/xsl" href="static/style.xsl"?><OAI-PMH xmlns="http://www.openarchives.org/OAI/2.0/" xmlns:xsi="http://www.w3.org/2001/XMLSchema-instance" xsi:schemaLocation="http://www.openarchives.org/OAI/2.0/ http://www.openarchives.org/OAI/2.0/OAI-PMH.xsd"><responseDate>2026-04-29T08:13:33Z</responseDate><request verb="GetRecord" identifier="oai:repisalud.isciii.es:20.500.12105/27135" metadataPrefix="marc">https://repisalud.isciii.es/rest/oai/request</request><GetRecord><record><header><identifier>oai:repisalud.isciii.es:20.500.12105/27135</identifier><datestamp>2026-01-13T01:18:02Z</datestamp><setSpec>com_20.500.12105_26629</setSpec><setSpec>com_20.500.12105_5570</setSpec><setSpec>com_20.500.12105_2404</setSpec><setSpec>com_20.500.12105_2403</setSpec><setSpec>col_20.500.12105_27052</setSpec></header><metadata><record xmlns="http://www.loc.gov/MARC21/slim" xmlns:dcterms="http://purl.org/dc/terms/" xmlns:doc="http://www.lyncode.com/xoai" xmlns:xsi="http://www.w3.org/2001/XMLSchema-instance" xsi:schemaLocation="http://www.loc.gov/MARC21/slim http://www.loc.gov/standards/marcxml/schema/MARC21slim.xsd">
   <leader>00925njm 22002777a 4500</leader>
   <datafield ind2=" " ind1=" " tag="042">
      <subfield code="a">dc</subfield>
   </datafield>
   <datafield ind2=" " ind1=" " tag="720">
      <subfield code="a">Hijazo-Larrosa, Sergio</subfield>
      <subfield code="e">author</subfield>
   </datafield>
   <datafield ind2=" " ind1=" " tag="720">
      <subfield code="a">Lucha-López, María Orosia</subfield>
      <subfield code="e">author</subfield>
   </datafield>
   <datafield ind2=" " ind1=" " tag="720">
      <subfield code="a">Monti-Ballano, Sofía</subfield>
      <subfield code="e">author</subfield>
   </datafield>
   <datafield ind2=" " ind1=" " tag="720">
      <subfield code="a">Barrio-Ollero, Eva</subfield>
      <subfield code="e">author</subfield>
   </datafield>
   <datafield ind2=" " ind1=" " tag="720">
      <subfield code="a">Hidalgo-García, César</subfield>
      <subfield code="e">author</subfield>
   </datafield>
   <datafield ind2=" " ind1=" " tag="720">
      <subfield code="a">Martínez-Jarreta, Begoña</subfield>
      <subfield code="e">author</subfield>
   </datafield>
   <datafield ind2=" " ind1=" " tag="720">
      <subfield code="a">Vicente-Pina, Lucía</subfield>
      <subfield code="e">author</subfield>
   </datafield>
   <datafield ind2=" " ind1=" " tag="720">
      <subfield code="a">Tricás-Moreno, José Miguel</subfield>
      <subfield code="e">author</subfield>
   </datafield>
   <datafield ind2=" " ind1=" " tag="260">
      <subfield code="c">2025-12-30</subfield>
   </datafield>
   <datafield ind2=" " ind1=" " tag="520">
      <subfield code="a">[ES] Introducción: El dolor lumbar tiene una larga asociación con diversas ocupaciones. En el marco de la salud laboral, este estudio tuvo como objetivo explorar la relación entre la discapacidad asociada al dolor lumbar y los riesgos físicos ocupacionales, las características sociodemográficas y la sensibilización central en hombres que trabajan en el sector industrial. Método: Realizamos un estudio analítico transversal en una empresa manufacturera. Las variables clave consideradas incluyeron la edad, la antigüedad laboral, los riesgos físicos ocupacionales, el Índice de Discapacidad de Oswestry (ODI) y el Inventario de Sensibilización Central (CSI). Resultados: Se seleccionó aleatoriamente a un total de 116 trabajadores manuales varones para participar en el estudio. Los riesgos físicos identificados fueron: posturas forzadas (84,50 %), manipulación manual de cargas (29,30 %), movimientos repetitivos (16,40 %) y exposición a vibraciones (15,50 %). El ODI arrojó una puntuación media de 9,91 (±12,47), mientras que el CSI obtuvo una media de 22,81 (±10,99). Se observó una relación positiva significativa entre la puntuación total del CSI y la puntuación total del ODI (p = 0,001). Posibles factores de confusión, como la edad, la antigüedad y el número total de riesgos laborales a los que estuvieron expuestos los participantes, no mostraron significación estadística. Conclusiones: Los hallazgos sugieren que, entre los hombres del sector industrial que presentan limitaciones funcionales relacionadas con el dolor lumbar, la sensibilización central puede ser un factor contribuyente. Se demostró que esta asociación era independiente de la edad, la antigüedad en el trabajo y el recuento acumulativo de riesgos físicos laborales a los que estaban expuestos los sujetos, teniendo en cuenta que los porcentajes de exposición a la mayoría de los riesgos físicos laborales estaban por debajo de los valores de referencia. Palabras clave: Dolor lumbar; salud laboral; fisioterapia; Oswestry; sensibilización central. [EN] Introduction: Low back pain has long been associated with various occupations. In the context of occupational health, this study aimed to explore the relationship between disability associated with low back pain and occupational physical risks, sociodemographic characteristics, and central sensitization in men working in the industrial sector. Method: We conducted a cross-sectional analytical study in a manufacturing company. The key variables considered included age, length of service, occupational physical risks, the Oswestry Disability Index (ODI), and the Central Sensitization Inventory (CSI). Results: A total of 116 male manual workers were randomly selected to participate in the study. The physical risks identified were: forced postures (84.50%), manual handling of loads (29.30%), repetitive movements (16.40%), and exposure to vibrations (15.50%). The ODI yielded a mean score of 9.91 (±12.47), while the CSI yielded a mean score of 22.81 (±10.99). A significant positive relationship was observed between the total CSI score and the total ODI score (p = 0.001). Potential confounding factors, such as age, seniority, and the total number of occupational hazards to which participants were exposed, were not statistically significant. Conclusions: The findings suggest that, among men in the industrial sector who have functional limitations related to low back pain, central sensitization may be a contributing factor. This association was shown to be independent of age, seniority, and the cumulative count of physical occupational hazards to which subjects were exposed, given that the percentages of exposure to most physical occupational hazards were below reference values. Keywords: low back pain; occupational health; physiotherapy; oswestry; central sensitization.</subfield>
   </datafield>
   <datafield ind1="8" ind2=" " tag="024">
      <subfield code="a">Hijazo-Larrosa S, Lucha-López MO, Monti-Ballano S, Barrio-Ollero E, Hidalgo-García C, Martínez-Jarreta B, et al. Determinantes de la discapacidad asociada al dolor lumbar en dos hombres que trabajan en el sector industrial: un estudio analítico transversal. Med Segur Trab (Internet). 2025;71(281):239 ﻿-252. doi: 10.4321/s0465-546x2025000400004</subfield>
   </datafield>
   <datafield ind1="8" ind2=" " tag="024">
      <subfield code="a">1989-7790</subfield>
   </datafield>
   <datafield ind1="8" ind2=" " tag="024">
      <subfield code="a">https://hdl.handle.net/20.500.12105/27135</subfield>
   </datafield>
   <datafield ind1="8" ind2=" " tag="024">
      <subfield code="a">Med Segur Trab. Vol.71 Nº 281 Madrid sep./dic.2025</subfield>
   </datafield>
   <datafield ind1="8" ind2=" " tag="024">
      <subfield code="a">156240044</subfield>
   </datafield>
   <datafield tag="653" ind2=" " ind1=" ">
      <subfield code="a">Dolor lumbar</subfield>
   </datafield>
   <datafield tag="653" ind2=" " ind1=" ">
      <subfield code="a">salud laboral</subfield>
   </datafield>
   <datafield tag="653" ind2=" " ind1=" ">
      <subfield code="a">fisioterapia</subfield>
   </datafield>
   <datafield tag="653" ind2=" " ind1=" ">
      <subfield code="a">Oswestry</subfield>
   </datafield>
   <datafield tag="653" ind2=" " ind1=" ">
      <subfield code="a">sensibilización central</subfield>
   </datafield>
   <datafield tag="653" ind2=" " ind1=" ">
      <subfield code="a">low back pain</subfield>
   </datafield>
   <datafield tag="653" ind2=" " ind1=" ">
      <subfield code="a">occupational health</subfield>
   </datafield>
   <datafield tag="653" ind2=" " ind1=" ">
      <subfield code="a">physiotherapy</subfield>
   </datafield>
   <datafield tag="653" ind2=" " ind1=" ">
      <subfield code="a">central sensitization</subfield>
   </datafield>
   <datafield ind2="0" ind1="0" tag="245">
      <subfield code="a">Determinantes de la discapacidad asociada al dolor lumbar en dos hombres que trabajan en el sector industrial: un estudio analítico transversal</subfield>
   </datafield>
</record></metadata></record></GetRecord></OAI-PMH>